Evaporation in the uplands / (Record no. 5055)
[ view plain ]
| 000 -LEADER | |
|---|---|
| fixed length control field | 00643nam a22002297a 4500 |
| 001 - CONTROL NUMBER | |
| control field | BD-DhSAU 5055 |
| 003 - CONTROL NUMBER IDENTIFIER | |
| control field | BD-DhSAU |
| 005 - DATE AND TIME OF LATEST TRANSACTION | |
| control field | 20150411112724.0 |
| 008 - FIXED-LENGTH DATA ELEMENTS--GENERAL INFORMATION | |
| fixed length control field | 150411b1990 enka|||| |||| 001 0 eng d |
| 020 ## - INTERNATIONAL STANDARD BOOK NUMBER | |
| International Standard Book Number | 04714924873 |
| 040 ## - CATALOGING SOURCE | |
| Original cataloging agency | BD-DhSAU |
| 082 ## - DEWEY DECIMAL CLASSIFICATION NUMBER | |
| Edition number | 22 |
| Classification number | 551.572 |
| Item number | CAE |
| 100 ## - MAIN ENTRY--PERSONAL NAME | |
| Personal name | Calder, Ian R. |
| 245 ## - TITLE STATEMENT | |
| Title | Evaporation in the uplands / |
| Statement of responsibility, etc. | Ian R. Calder |
| 260 ## - PUBLICATION, DISTRIBUTION, ETC. (IMPRINT) | |
| Place of publication, distribution, etc. | England : |
| Name of publisher, distributor, etc. | John Wiley & Sons , |
| Date of publication, distribution, etc. | c1990. |
| 300 ## - PHYSICAL DESCRIPTION | |
| Extent | xvii, 148 p. : |
| Other physical details | ill. ; |
| Dimensions | 25 cm. |
| 504 ## - BIBLIOGRAPHY, ETC. NOTE | |
| Bibliography, etc | Includes bibliographical references & index. |
| 590 ## - Name of Cataloguer | |
| Name of Cataloger | Jerin |
| 650 ## - SUBJECT ADDED ENTRY--TOPICAL TERM | |
| Topical term or geographic name as entry element | Evaporation (Meteorology) |
| 650 ## - SUBJECT ADDED ENTRY--TOPICAL TERM | |
| Topical term or geographic name as entry element | Rain & rainfall |
| 650 ## - SUBJECT ADDED ENTRY--TOPICAL TERM | |
| Topical term or geographic name as entry element | Uplands |
| 942 ## - ADDED ENTRY ELEMENTS (KOHA) | |
| Source of classification or shelving scheme | Dewey Decimal Classification |
| Koha item type | Book |
| Withdrawn status | Lost status | Source of classification or shelving scheme | Damaged status | Not for loan | Collection code | Home library | Branch Name | Shelving location | Date acquired | Total Checkouts | Full call number | Barcode | Date last seen | Price effective from | Koha item type |
|---|---|---|---|---|---|---|---|---|---|---|---|---|---|---|---|
| Dewey Decimal Classification | Not For Loan | Reference | SAU Library | SAU Library | Reference | 02/12/2004 | 551.572 CAE | 31118 | 11/04/2015 | 11/04/2015 | Book |
